| 000 | 00800nas a2200265 4500 | ||
|---|---|---|---|
| 001 | BR0905024 | ||
| 003 | BR-BrBNA | ||
| 005 | 20231205113300.0 | ||
| 007 | ta | ||
| 008 | 230509b bl.|||p| |||| 00| 00por d | ||
| 040 |
_aBR-BrBNA _bpor _cBiblioteca Nacional de Agricultura |
||
| 041 | _a(Pt) | ||
| 072 | _aE14 | ||
| 100 | 1 | _aAssis, R.L. | |
| 100 | 1 | _aRomeiro, A.R. | |
| 245 | 1 | _aAgroecologia e agricultura familiar na região Centro-Sul do Estado do Paraná. | |
| 650 | _aAGRICULTURA | ||
| 650 | _aECOLOGIA | ||
| 650 | _aAGRICULTURA FAMILIAR | ||
| 650 | _aCENTRO-SUL | ||
| 650 | _aPARANÁ | ||
| 773 | 0 |
_tRevista de Economia e Sociologia Rural (Brazil) _xISSN 0103-2003 _g(Jan-Mar 2005), v. 43(1) p. 156-177 _wBR0905024 |
|
| 909 |
_a202311 _bLúcia _c55 _dLúcia Elande |
||
| 942 |
_2AGRIS _n0 _cANA |
||
| 999 |
_c202882 _d202882 |
||